000 01460nam a22003617a 4500
001 00342
003 DO-SdBNP
005 20170306112848.0
007 00342
008 160510b 2004 ||| |||| 00| 0 spa d
020 _a8482616277
040 _aBPMSU
_bspa
_cBPMSU
082 0 4 _a372.832
_bM828c 7mo. 2004
100 1 _aMorales, Marcos
245 1 _aCívica 7 :
_beducación básica/
_cMarcos Morales ; editora Margarita Castro Catrain; ilustración José Amado Polanco
260 _aSanto Domingo :
_bSantillana,
_c2004
300 _a79 p. :
_bil., retrs.
_c29 cm.
490 1 _aÁmbar
500 _a Este libro ha sido realizado de conformidad con el currículum vigente y ha sido sometido a la aprobación de la SEE
500 _a
505 _tLos derechos humanos --
_tLos derechos sociales --
_tDerechos de niños y jóvenes --
_tDerechos de los trabajadores --
_tNación, Estado y economía --
_t Éticay política --
_t
650 4 _aEDUCACIÓN CÍVICA
_2ENSEÑANZA BÁSICA
650 4 _aEDUCACIÓN CÍVICA
_xESTUDIOS Y EJERCICIOS
650 4 _aEDUCACIÓN CÍVICA
_xLIBROS DE TEXTOS
650 4 _aEDUCACIÓN CÍVICA
_xEDUCACIÓN PRIMARIA
650 4 _aEDUCACIÓN CÍVICA
_xREPÚBLICA DOMINICANA
700 1 _aGarcía de Escobar, Obdulia,
_e ed.
700 1 _aCastro Catrain, Margarita,
_eed.
830 _aÁmbar
910 _aValidado. Control de calidad MFF
942 _2ddc
_cBK
956 _aVMATEO
_210
_320160513
_6BPMSU
_80069
999 _c10142
_d10142